[Event "SVK-chT2C 1920"]
[Site "Slovakia"]
[Date "2020.01.26"]
[Round "7.6"]
[White "Holeczy, Martin"]
[Black "Tomcik, Michal"]
[Result "1-0"]
[WhiteElo "1971"]
[BlackElo "1930"]
[PlyCount "79"]
[EventDate "2019.10.26"]
[EventType "team-tourn"]
[EventRounds "11"]
[EventCountry "SVK"]
[SourceTitle "CBM 194 Extra"]
[Source "ChessBase"]
[SourceDate "2020.03.31"]
[SourceVersion "1"]
[SourceVersionDate "2020.03.31"]
[SourceQuality "1"]
[WhiteTeam "Banska Bystrica Veza"]
[BlackTeam "Ondrasova Krivan"]
[WhiteTeamCountry "SVK"]
[BlackTeamCountry "SVK"]

1. d4 d5 2. c4 c6 3. e3 Nf6 4. Nf3 Bg4 5. Nbd2 e6 6. Bd3 Nbd7 7. Qc2 dxc4 8. Bxc4 Nb6 9. Bd3 Nbd5 10. a3 Bxf3 11. Nxf3 Qa5+ 12. Ke2 Bd6 13. Bd2 Qc7 14. g3 e5 15. Kf1 0-0 16. Kg2 Rfe8 17. e4 Nb6 18. Rhe1 exd4 19. Nxd4 c5 20. Nb5 Qc6 21. Nxd6 Qxd6 22. Rad1 Qc6 23. b3 Rad8 24. f3 Nfd7 25. Bg5 f6 26. Be3 Ne5 27. Be2 Nbd7 28. f4 Nf7 29. Bf3 Qb5 30. Rd5 b6 31. Red1 Nf8 32. b4 Qa6 33. bxc5 Qxa3 34. R5d3 Qa5 35. Rxd8 Rxd8 36. Rxd8 Nxd8 37. c6 Qa6 38. c7 Qc8 39. cxd8Q Qxc2+ 40. Bf2 1-0

[Event "SVK-chT2C 1920"]
[Site "Slovakia"]
[Date "2019.12.14"]
[Round "5.5"]
[White "Holeczy, Martin"]
[Black "Mrva, Marek1111"]
[Result "0-1"]
[WhiteElo "1971"]
[BlackElo "1860"]
[PlyCount "88"]
[EventDate "2019.10.26"]
[EventType "team-tourn"]
[EventRounds "11"]
[EventCountry "SVK"]
[SourceTitle "CBM 194 Extra"]
[Source "ChessBase"]
[SourceDate "2020.03.31"]
[SourceVersion "1"]
[SourceVersionDate "2020.03.31"]
[SourceQuality "1"]
[WhiteTeam "Banska Bystrica Veza"]
[BlackTeam "Ruzomberok Montana"]
[WhiteTeamCountry "SVK"]
[BlackTeamCountry "SVK"]

1. d4 Nf6 2. c4 e6 3. Nf3 Be7 4. Bg5 b6 5. e3 Bb7 6. Bd3 d6 7. 0-0 Nbd7 8. Nc3 0-0 9. e4 c5 10. Qe2 h6 11. Be3 cxd4 12. Nxd4 Nc5 13. f3 Nxd3 14. Qxd3 d5 15. cxd5 exd5 16. e5 Nd7 17. f4 Nc5 18. Qd1 Ne6 19. Qg4 Nxd4 20. Bxd4 Bc5 21. Rad1 Qe7 22. Kh1 Rad8 23. f5 Qg5 24. Qf3 Rfe8 25. f6 Bxd4 26. Rxd4 g6 27. h4 Qxe5 28. Rfd1 Re6 29. Nxd5 Bxd5 30. Rxd5 Rxd5 31. Qxd5 Qxf6 32. Qa8+ Kg7 33. Qxa7 Qxh4+ 34. Kg1 Qg4 35. Rf1 Qd4+ 36. Kh2 Qd6+ 37. Kh1 Re7 38. Qa4 Re5 39. Qc4 Rh5+ 40. Kg1 Qh2+ 41. Kf2 Rf5+ 42. Ke1 Qe5+ 43. Qe2 Qa5+ 44. Kd1 Qxa2 0-1

[Event "SVK-chT2C 1516"]
[Site "Slovakia"]
[Date "2015.10.18"]
[Round "2.1"]
[White "Holeczy, Martin"]
[Black "Kostelny, Jozef"]
[Result "0-1"]
[WhiteElo "2029"]
[BlackElo "2213"]
[PlyCount "126"]
[EventDate "2015.10.17"]
[EventType "team-tourn"]
[EventRounds "11"]
[EventCountry "SVK"]
[SourceTitle "CBM 169 Extra"]
[Source "ChessBase"]
[SourceDate "2015.12.18"]
[SourceVersion "1"]
[SourceVersionDate "2015.12.18"]
[SourceQuality "1"]
[WhiteTeam "Banska Bystrica Veza"]
[BlackTeam "Zilina"]
[WhiteTeamCountry "SVK"]
[BlackTeamCountry "SVK"]

1. d4 Nf6 2. c4 g6 3. g3 Bg7 4. Bg2 0-0 5. Nf3 d6 6. 0-0 Nc6 7. Nc3 a6 8. Qd3 e5 9. d5 Nb4 10. Qd1 a5 11. e4 Bg4 12. h3 Bd7 13. Be3 Na6 14. Qd2 Re8 15. Ne1 b6 16. Nd3 Nc5 17. Nxc5 bxc5 18. Bg5 Qc8 19. f4 exf4 20. Qxf4 Nh5 21. Qh4 h6 22. Be3 Qd8 23. Qxd8 Raxd8 24. Kh2 Rb8 25. Rf2 Be5 26. Bf4 Nxf4 27. gxf4 Bd4 28. Rc2 a4 29. Rac1 f5 30. Re2 Rb4 31. Nd1 Kf7 32. Rcc2 Bc8 33. Kg3 Ba6 34. exf5 gxf5 35. Bf3 Rxe2 36. Bxe2 Kg6 37. Bd3 Kf6 38. Be2 a3 39. bxa3 Ra4 40. Kh4 Rxa3 41. Bh5 Kg7 42. Rg2+ Kf8 43. Rg6 Bxc4 44. Rxh6 Bxd5 45. Kg5 Bxa2 46. Kxf5 Bg7 47. Rg6 Bb1+ 48. Ke6 Bxg6 49. Bxg6 Bd4 50. h4 Rh3 51. h5 Rh1 52. Bc2 Rh2 53. Ba4 Rxh5 54. Kd7 Rf5 55. Kxc7 Ke7 56. Kc6 Rxf4 57. Kd5 Rf5+ 58. Ke4 Re5+ 59. Kd3 d5 60. Bb3 Kd6 61. Bc2 Rh5 62. Ba4 Rh2 63. Bb5 Ke5 0-1

[Event "SVK-chT2C 1516"]
[Site "Slovakia"]
[Date "2015.10.17"]
[Round "1.2"]
[White "Holeczy, Martin"]
[Black "Ambrozi, Peter"]
[Result "0-1"]
[WhiteElo "2029"]
[BlackElo "2082"]
[PlyCount "84"]
[EventDate "2015.10.17"]
[EventType "team-tourn"]
[EventRounds "11"]
[EventCountry "SVK"]
[SourceTitle "CBM 169 Extra"]
[Source "ChessBase"]
[SourceDate "2015.12.18"]
[SourceVersion "1"]
[SourceVersionDate "2015.12.18"]
[SourceQuality "1"]
[WhiteTeam "Banska Bystrica Veza"]
[BlackTeam "Dolny Kubin"]
[WhiteTeamCountry "SVK"]
[BlackTeamCountry "SVK"]

1. d4 d5 2. c4 c6 3. e3 e6 4. Nf3 Nf6 5. Nc3 Nbd7 6. Qc2 Bd6 7. Bd3 dxc4 8. Bxc4 0-0 9. 0-0 e5 10. h3 Qe7 11. Re1 h6 12. Nh4 Nb6 13. Ng6 Qc7 14. Bb3 Re8 15. Nxe5 Bxe5 16. dxe5 Qxe5 17. e4 Be6 18. Bxe6 Qxe6 19. Be3 Nc4 20. Bf4 Rad8 21. b3 Ne5 22. Bxe5 Qxe5 23. Re3 Rd4 24. Rae1 Qc5 25. Qe2 Red8 26. e5 Nd5 27. Nxd5 Qxd5 28. e6 fxe6 29. Rxe6 Rd2 30. Qg4 Qd4 31. Qg6 Qxf2+ 32. Kh1 Rf8 33. Re7 Qf6 34. Qxf6 Rxf6 35. Rxb7 Rxa2 36. Ree7 Rg6 37. Rxa7 Raxg2 38. Re1 R2g3 39. Kh2 Rxb3 40. Re2 Rgg3 41. Rg2 Rxh3+ 42. Kg1 Rhg3 0-1

[Event "SVK-chT2C 1415"]
[Site "Slovakia"]
[Date "2015.03.08"]
[Round "11.2"]
[White "Holeczy, Martin"]
[Black "Svana, Peter"]
[Result "0-1"]
[WhiteElo "2041"]
[BlackElo "2209"]
[PlyCount "82"]
[EventDate "2014.10.11"]
[EventType "team-tourn"]
[EventRounds "11"]
[EventCountry "SVK"]
[SourceTitle "EXT 2016"]
[Source "ChessBase"]
[SourceDate "2015.10.08"]
[SourceVersion "1"]
[SourceVersionDate "2015.10.08"]
[SourceQuality "1"]
[WhiteTeam "Banska Bystrica Veza"]
[BlackTeam "Kysucke Nove Mesto"]
[WhiteTeamCountry "SVK"]
[BlackTeamCountry "SVK"]

1. d4 Nf6 2. c4 g6 3. g3 Bg7 4. Bg2 0-0 5. Nf3 d6 6. 0-0 Nbd7 7. Nc3 c6 8. Qc2 Re8 9. Rd1 Qc7 10. h3 Rb8 11. c5 b5 12. b4 a5 13. a3 Qa7 14. Bb2 d5 15. Ne5 Nxe5 16. dxe5 Nh5 17. g4 Nf4 18. Bf1 Qc7 19. e3 Ne6 20. f4 f6 21. exf6 exf6 22. Qf2 Nf8 23. Bg2 f5 24. g5 Bb7 25. Rab1 Qe7 26. Rd3 Ra8 27. h4 Ne6 28. Bf3 Red8 29. Ne2 axb4 30. axb4 Ra2 31. Bxg7 Qxg7 32. Qg3 Rda8 33. Nc3 R2a3 34. Qe1 h6 35. Rbd1 hxg5 36. fxg5 Qe5 37. Kg2 d4 38. Nxb5 Rxd3 39. Rxd3 Nf4+ 40. Kf1 Nxd3 41. Qe2 Ra1+ 0-1

[Event "SVK-chT2C 1415"]
[Site "Slovakia"]
[Date "2014.11.09"]
[Round "4.2"]
[White "Hros, Roman"]
[Black "Holeczy, Martin"]
[Result "1-0"]
[WhiteElo "2111"]
[BlackElo "2041"]
[PlyCount "91"]
[EventDate "2014.10.11"]
[EventType "team-tourn"]
[EventRounds "11"]
[EventCountry "SVK"]
[SourceTitle "EXT 2016"]
[Source "ChessBase"]
[SourceDate "2015.10.08"]
[SourceVersion "1"]
[SourceVersionDate "2015.10.08"]
[SourceQuality "1"]
[WhiteTeam "Liptov Chess School III"]
[BlackTeam "Banska Bystrica Veza"]
[WhiteTeamCountry "SVK"]
[BlackTeamCountry "SVK"]

1. e4 c5 2. Nc3 Nc6 3. Bb5 Nd4 4. Bc4 a6 5. a4 Nf6 6. Nge2 e6 7. 0-0 d5 8. exd5 exd5 9. Nxd5 Nxd5 10. Nxd4 cxd4 11. Qh5 Be6 12. Re1 Nf4 13. Qg4 Qf6 14. d3 Bd6 15. Bxe6 Nxe6 16. Bg5 Qg6 17. f4 0-0 18. Qf3 Nxg5 19. fxg5 b6 20. h4 h6 21. gxh6 Qxh6 22. Re4 f5 23. Re2 Rad8 24. g3 Rf6 25. Rae1 Bxg3 26. Re8+ Rxe8 27. Rxe8+ Kh7 28. Qa8 Qc1+ 29. Kg2 Qd2+ 30. Kxg3 Rg6+ 31. Kh3 Rf6 32. Rh8+ Kg6 33. Qe8+ Rf7 34. h5+ Kg5 35. Qd8+ Kf4 36. Qxd4+ Kf3 37. Qd5+ Kf4 38. Qd6+ Kf3 39. Qg3+ Ke2 40. Re8+ Kd1 41. Qf3+ Kc1 42. Re2 Qg5 43. Qf1+ Kxb2 44. c3+ Kxc3 45. Qa1+ Kxd3 46. Qd1+ 1-0

[Event "SVK-chT2C 1314"]
[Site "Slovakia"]
[Date "2013.11.23"]
[Round "3.4"]
[White "Staffen, Richard"]
[Black "Holeczy, Martin"]
[Result "1/2-1/2"]
[WhiteElo "1978"]
[BlackElo "2031"]
[PlyCount "98"]
[EventDate "2013.10.19"]
[EventType "team-tourn"]
[EventRounds "11"]
[EventCountry "SVK"]
[SourceTitle "EXT 2015"]
[Source "ChessBase"]
[SourceDate "2014.11.20"]
[SourceVersion "1"]
[SourceVersionDate "2014.11.20"]
[SourceQuality "1"]
[WhiteTeam "Zilina Mladost II"]
[BlackTeam "Banska Bystrica Veza"]
[WhiteTeamCountry "SVK"]
[BlackTeamCountry "SVK"]

1. d4 Nf6 2. c4 g6 3. Nc3 d5 4. cxd5 Nxd5 5. Bd2 Bg7 6. e4 Nb6 7. Be3 0-0 8. Nf3 Bg4 9. Be2 Nc6 10. d5 Na5 11. Bd4 Bxf3 12. Bxf3 Bxd4 13. Qxd4 Nc6 14. Qd1 Ne5 15. Be2 c6 16. dxc6 Nxc6 17. 0-0 Rc8 18. a4 a5 19. Bg4 e6 20. Nb5 Qe7 21. Qe2 Qb4 22. b3 Rfd8 23. Qe3 Nd7 24. Rac1 Nce5 25. Be2 b6 26. f4 Nc6 27. Bc4 Qc5 28. Qxc5 Nxc5 29. e5 Nd4 30. Nd6 Rc7 31. Rb1 Nb7 32. Rfd1 Nc2 33. Ne4 Rxd1+ 34. Rxd1 Ne3 35. Rd4 Nxc4 36. Rxc4 Rxc4 37. bxc4 Kf8 38. Kf2 Ke7 39. Ke3 h6 40. Kd4 Kd7 41. c5 Kc6 42. cxb6 Kxb6 43. h4 Kc6 44. g4 Kb6 45. g5 hxg5 46. hxg5 Kc6 47. Kc4 Kb6 48. Nd6 Nd8 49. Kd4 Kc6 1/2-1/2

[Event "SVK-chT2C 1213"]
[Site "Slovakia"]
[Date "2012.10.14"]
[Round "2.6"]
[White "Holeczy, Martin"]
[Black "Kovalik, Julius"]
[Result "1-0"]
[WhiteElo "2023"]
[BlackElo "1957"]
[PlyCount "63"]
[EventDate "2012.10.13"]
[EventType "team-tourn"]
[EventRounds "11"]
[EventCountry "SVK"]
[SourceTitle "EXT 2015"]
[Source "ChessBase"]
[SourceDate "2014.11.20"]
[SourceVersion "1"]
[SourceVersionDate "2014.11.20"]
[SourceQuality "1"]
[WhiteTeam "Banska Bystrica Veza"]
[BlackTeam "Detva Podpolanie"]
[WhiteTeamCountry "SVK"]
[BlackTeamCountry "SVK"]

1. d4 Nf6 2. c4 c5 3. d5 b5 4. Nf3 bxc4 5. Nc3 d6 6. e4 Nbd7 7. Bxc4 g6 8. 0-0 Ng4 9. Qe2 Bg7 10. Re1 0-0 11. Qc2 Rb8 12. h3 Nge5 13. Nxe5 Nxe5 14. Bf1 c4 15. Be3 Nd3 16. Bxd3 cxd3 17. Qxd3 Rxb2 18. Rab1 Rxb1 19. Rxb1 Qa5 20. Bd4 Ba6 21. Qe3 Rc8 22. Bxg7 Kxg7 23. Qd4+ Kg8 24. Rb3 Bc4 25. Rb7 Ba6 26. Rxe7 Qxc3 27. Re8+ Rxe8 28. Qxc3 Rxe4 29. Qf6 Bc4 30. Qxd6 Re1+ 31. Kh2 Bxa2 32. Qb8+ 1-0

[Event "SVK-chT2C 10/11"]
[Site "Slovakia"]
[Date "2011.03.26"]
[Round "10.3"]
[White "Valuska, Pavel"]
[Black "Holeczy, Martin"]
[Result "1/2-1/2"]
[WhiteElo "1997"]
[BlackElo "2020"]
[PlyCount "86"]
[EventDate "2010.10.23"]
[EventType "team-tourn"]
[EventRounds "11"]
[EventCountry "SVK"]
[SourceTitle "EXT 2019"]
[Source "ChessBase"]
[SourceDate "2018.10.10"]
[SourceVersion "1"]
[SourceVersionDate "2018.10.10"]
[SourceQuality "1"]
[WhiteTeam "Zvolen Slavia"]
[BlackTeam "Banska Bystrica CVC"]
[WhiteTeamCountry "SVK"]
[BlackTeamCountry "SVK"]

1. e4 c5 2. Nf3 d6 3. Be2 Nc6 4. 0-0 Nf6 5. d3 g6 6. c3 Bg7 7. Re1 0-0 8. a3 Qc7 9. c4 a6 10. Nc3 e6 11. Rb1 b6 12. Bf4 Nd7 13. Qc1 Nde5 14. Bh6 Nxf3+ 15. Bxf3 Nd4 16. Bd1 Bb7 17. Be3 Qd7 18. b4 Bc6 19. bxc5 bxc5 20. Ne2 Nxe2+ 21. Bxe2 Rab8 22. Qd2 Qc7 23. f3 Rb7 24. Rxb7 Qxb7 25. d4 Qb6 26. dxc5 dxc5 27. Qd6 Rc8 28. Bxc5 Qb7 29. Bd4 Qb3 30. Bxg7 Qe3+ 31. Kf1 Kxg7 32. Rd1 Kg8 33. Rb1 a5 34. Rb8 Rxb8 35. Qxb8+ Kg7 36. Qe5+ Kg8 37. Qxa5 h5 38. a4 Qd4 39. Ke1 Qg1+ 40. Bf1 Qe3+ 41. Be2 Qg1+ 42. Bf1 Qe3+ 43. Be2 Qg1+ 1/2-1/2

[Event "SVK-chT2C 0910"]
[Site "Slovakia"]
[Date "2009.11.07"]
[Round "3.3"]
[White "Holeczy, Martin"]
[Black "Klein, Peter"]
[Result "0-1"]
[WhiteElo "1965"]
[BlackElo "2054"]
[PlyCount "68"]
[EventDate "2009.10.10"]
[EventType "team-tourn"]
[EventRounds "11"]
[EventCountry "SVK"]
[SourceTitle "EXT 2011"]
[Source "ChessBase"]
[SourceDate "2010.11.26"]
[SourceVersion "1"]
[SourceVersionDate "2010.11.26"]
[SourceQuality "1"]
[WhiteTeam "Banska Bystrica Junior II"]
[BlackTeam "Zvolen Slavia"]
[WhiteTeamCountry "SVK"]
[BlackTeamCountry "SVK"]

1. d4 Nf6 2. c4 e6 3. Nc3 d5 4. Bg5 c6 5. e3 Nbd7 6. Nf3 Qa5 7. Nd2 Ne4 8. Ndxe4 dxe4 9. Bh4 Bb4 10. Qc2 0-0 11. Be2 f5 12. 0-0 Nf6 13. Bg3 Qd8 14. f3 Nh5 15. fxe4 Nxg3 16. hxg3 Qg5 17. Rf3 Bd7 18. e5 Be8 19. Kf2 Qd8 20. Rh1 c5 21. d5 Bxc3 22. Qxc3 exd5 23. cxd5 b5 24. Qxc5 Rc8 25. Qd4 Rc2 26. g4 b4 27. gxf5 Bb5 28. Re1 Qc8 29. e6 Qa6 30. f6 Bxe2 31. f7+ Kh8 32. e7 Bxf3+ 33. Kxf3 Rxf7+ 34. Kg3 Qg6+ 0-1

[Event "SVK-chT2C 0910"]
[Site "Slovakia"]
[Date "2009.10.10"]
[Round "1.4"]
[White "Holeczy, Martin"]
[Black "Listiak, Juraj"]
[Result "1-0"]
[WhiteElo "1965"]
[BlackElo "2035"]
[PlyCount "87"]
[EventDate "2009.10.10"]
[EventType "team-tourn"]
[EventRounds "11"]
[EventCountry "SVK"]
[SourceTitle "EXT 2011"]
[Source "ChessBase"]
[SourceDate "2010.11.26"]
[SourceVersion "1"]
[SourceVersionDate "2010.11.26"]
[SourceQuality "1"]
[WhiteTeam "Banska Bystrica Junior II"]
[BlackTeam "Banska Bystrica Kurta"]
[WhiteTeamCountry "SVK"]
[BlackTeamCountry "SVK"]

1. d4 d5 2. c4 e6 3. Nc3 Nf6 4. Bg5 Nbd7 5. e3 Be7 6. Nf3 0-0 7. Rc1 c6 8. Bd3 dxc4 9. Bxc4 Nd5 10. Bxe7 Qxe7 11. 0-0 Nxc3 12. bxc3 e5 13. Qb3 e4 14. Nd2 Nf6 15. Rce1 b5 16. Be2 Be6 17. Qc2 Bd5 18. f3 Rac8 19. c4 bxc4 20. Nxc4 Nd7 21. f4 Rb8 22. Rb1 Rfc8 23. Rxb8 Rxb8 24. Rb1 f6 25. Rxb8+ Nxb8 26. Qb2 Qc7 27. h3 Nd7 28. Kf2 g6 29. a3 Kg7 30. Qb4 Nb6 31. Nd6 Qd7 32. a4 Nc8 33. Nxc8 Qxc8 34. Qe7+ Kg8 35. Qxa7 Qf8 36. a5 Qh6 37. Qb8+ Kf7 38. Qc7+ Ke6 39. Qc8+ Ke7 40. a6 Qh4+ 41. g3 Qh6 42. a7 Be6 43. Qc7+ Bd7 44. a8Q 1-0

[Event "SVK-chT2C 0607"]
[Site "Slovakia"]
[Date "2007.02.04"]
[Round "9.3"]
[White "Fabus, Marian"]
[Black "Holeczy, Martin"]
[Result "0-1"]
[WhiteElo "1817"]
[BlackElo "1869"]
[PlyCount "60"]
[EventDate "2006.10.14"]
[EventType "team-tourn"]
[EventRounds "11"]
[EventCountry "SVK"]
[SourceTitle "EXT 2019"]
[Source "ChessBase"]
[SourceDate "2018.10.10"]
[SourceVersion "1"]
[SourceVersionDate "2018.10.10"]
[SourceQuality "1"]
[WhiteTeam "Podbrezova ZP Sport"]
[BlackTeam "Banska Bystrica TH Junior"]
[WhiteTeamCountry "SVK"]
[BlackTeamCountry "SVK"]

1. b4 d5 2. Bb2 Nf6 3. Nf3 g6 4. d3 Bg7 5. Nbd2 0-0 6. g3 b6 7. Bg2 Bb7 8. 0-0 Nbd7 9. c4 e6 10. Qc2 c5 11. b5 d4 12. a4 Qc7 13. h3 e5 14. Rfe1 Bh6 15. Bc1 Nh5 16. Nb3 Bg7 17. a5 Rae8 18. a6 Ba8 19. Nbd2 f5 20. Nf1 e4 21. Ng5 h6 22. g4 Nf4 23. Bxf4 Qxf4 24. Nf3 exf3 25. exf3 Ne5 26. Nh2 Nxf3+ 27. Nxf3 Bxf3 28. Bxf3 Qxf3 29. Rxe8 Rxe8 30. Re1 Rxe1+ 0-1